| 000 | 00493nam a2200169Ia 4500 | ||
|---|---|---|---|
| 999 |
_c5643 _d5643 |
||
| 003 | OSt | ||
| 005 | 20200116115220.0 | ||
| 008 | 190216s9999||||xx |||||||||||||| ||und|| | ||
| 040 | _coclc | ||
| 082 |
_a658.15 _bKUL/F |
||
| 100 |
_aKulkarni, P V _91139 |
||
| 245 | 0 |
_aFinancial Management / _cP V Kulkarni |
|
| 260 |
_bHimalaya Publishing House, _c1996. _aNew Delhi: |
||
| 300 | _a679p | ||
| 650 | _xFinancial Management | ||
| 942 |
_cBK _2ddc _h658.15 _iKUL/F _k658.15 _mKUL/F |
||